[Event "SVK-ch U16 Girls"]
[Site "Tatralandia"]
[Date "2024.04.12"]
[Round "9"]
[White "Rachelova, Laura"]
[Black "Rachelova, Nikola"]
[Result "0-1"]
[WhiteElo "1452"]
[BlackElo "1501"]
[PlyCount "30"]
[EventDate "2024.04.05"]
[EventType "swiss"]
[EventRounds "9"]
[EventCountry "SVK"]
[SourceTitle "CB16_2024"]
[SourceDate "2024.04.17"]
[SourceVersion "1"]
[SourceVersionDate "2024.04.17"]
[SourceQuality "1"]

1. e4 e5 2. Nf3 Nc6 3. Nc3 d6 4. Bb5 Bd7 5. d3 a6 6. Bxc6 Bxc6 7. Bd2 Nf6 8. 0-0 Be7 9. Qe2 Qd7 10. Rae1 0-0-0 11. Bg5 h6 12. Qe3 hxg5 13. Nxg5 Ng4 14. Qd2 Bxg5 15. Qxg5 Rh7 0-1

[Event "SVK-ch U16 Girls"]
[Site "Tatralandia"]
[Date "2024.04.08"]
[Round "5"]
[White "Mendelova, Adela"]
[Black "Rachelova, Laura"]
[Result "1-0"]
[WhiteElo "1618"]
[BlackElo "1452"]
[PlyCount "43"]
[EventDate "2024.04.05"]
[EventType "swiss"]
[EventRounds "9"]
[EventCountry "SVK"]
[SourceTitle "CB16_2024"]
[SourceDate "2024.04.17"]
[SourceVersion "1"]
[SourceVersionDate "2024.04.17"]
[SourceQuality "1"]

1. e4 e5 2. Nf3 Nc6 3. Bb5 d6 4. d4 Bd7 5. 0-0 Nf6 6. Nc3 Be7 7. Re1 0-0 8. Bxc6 Bxc6 9. dxe5 dxe5 10. Qxd8 Raxd8 11. Nxe5 Bb4 12. Nxc6 Bxc3 13. bxc3 bxc6 14. Bg5 Rd2 15. Bxd2 Re8 16. f3 Rb8 17. Rab1 Re8 18. Rb7 Rc8 19. Reb1 Rf8 20. Rb8 h6 21. Rxf8+ Kxf8 22. Rb7 1-0

[Event "SVK-ch U16 Girls"]
[Site "Tatralandia"]
[Date "2024.04.06"]
[Round "2"]
[White "Rachelova, Laura"]
[Black "Zuborova, Michaela"]
[Result "1-0"]
[WhiteElo "1452"]
[BlackElo "1576"]
[PlyCount "43"]
[EventDate "2024.04.05"]
[EventType "swiss"]
[EventRounds "9"]
[EventCountry "SVK"]
[SourceTitle "CB16_2024"]
[SourceDate "2024.04.17"]
[SourceVersion "1"]
[SourceVersionDate "2024.04.17"]
[SourceQuality "1"]

1. e4 c5 2. Nf3 Nc6 3. d4 cxd4 4. Nxd4 g6 5. Nxc6 bxc6 6. Nc3 Bg7 7. Bd2 d5 8. exd5 cxd5 9. Bb5+ Bd7 10. Bxd7+ Qxd7 11. Qf3 d4 12. Qxa8+ Qd8 13. Qxd8+ Kxd8 14. Nb5 a6 15. Na3 d3 16. c3 Nf6 17. 0-0 Nd7 18. Nc4 f6 19. Rad1 g5 20. Be3 Ne5 21. Nxe5 fxe5 22. Rxd3+ 1-0

[Event "SVK-chT5 A22 2223"]
[Site "Slovakia"]
[Date "2023.02.18"]
[Round "7.4"]
[White "Rachelova, Laura"]
[Black "Daniska, Jozef"]
[Result "1-0"]
[WhiteElo "1000"]
[BlackElo "1260"]
[PlyCount "91"]
[EventDate "2022.10.15"]
[EventType "team-tourn"]
[EventRounds "9"]
[EventCountry "SVK"]
[SourceTitle "EXT 2024"]
[Source "ChessBase"]
[SourceDate "2023.10.10"]
[SourceVersion "1"]
[SourceVersionDate "2023.10.10"]
[SourceQuality "1"]
[WhiteTeam "Dunajska Streda V"]
[BlackTeam "Pecenady"]
[WhiteTeamCountry "SVK"]
[BlackTeamCountry "SVK"]

1. e4 e5 2. Nf3 f5 3. exf5 Nc6 4. Bb5 Nf6 5. Bxc6 bxc6 6. Nxe5 Bc5 7. 0-0 0-0 8. Qe2 Re8 9. Qc4+ d5 10. Qxc5 Rxe5 11. Qxc6 Bxf5 12. d3 Qe8 13. Qxc7 Re1 14. Bd2 Rxf1+ 15. Kxf1 Rc8 16. Qf4 Qh5 17. Nc3 Rd8 18. Be3 Ng4 19. Kg1 Nxe3 20. fxe3 Qf7 21. Rf1 g6 22. e4 dxe4 23. dxe4 Be6 24. Qxf7+ Bxf7 25. e5 Re8 26. Re1 Be6 27. a4 a6 28. Ne4 Rc8 29. Ng5 Rc6 30. Nxe6 Rxe6 31. b4 Kf7 32. b5 Ke7 33. Re4 axb5 34. axb5 Rb6 35. c4 Ke6 36. Kf2 Kf5 37. Ke3 Ke6 38. Kd4 Rb8 39. Re3 Rd8+ 40. Kc5 Rc8+ 41. Kb4 g5 42. b6 Rb8 43. Kb5 Rd8 44. b7 Kd7 45. Rd3+ Kc7 46. Rxd8 1-0

[Event "SVK-chT5 A22 2223"]
[Site "Slovakia"]
[Date "2022.10.15"]
[Round "1.5"]
[White "Orban, Ferenc"]
[Black "Rachelova, Laura"]
[Result "1/2-1/2"]
[WhiteElo "1447"]
[BlackElo "1000"]
[PlyCount "35"]
[EventDate "2022.10.15"]
[EventType "team-tourn"]
[EventRounds "9"]
[EventCountry "SVK"]
[SourceTitle "EXT 2024"]
[Source "ChessBase"]
[SourceDate "2023.10.10"]
[SourceVersion "1"]
[SourceVersionDate "2023.10.10"]
[SourceQuality "1"]
[WhiteTeam "Topolniky Vrakun II"]
[BlackTeam "Dunajska Streda V"]
[WhiteTeamCountry "SVK"]
[BlackTeamCountry "SVK"]

1. e4 e5 2. Nf3 Nc6 3. Bb5 d6 4. Bxc6+ bxc6 5. h3 Nf6 6. d3 Be7 7. Nc3 0-0 8. 0-0 Be6 9. Be3 Rb8 10. b3 Rb7 11. Ng5 Qd7 12. Nxe6 Qxe6 13. Ne2 d5 14. exd5 cxd5 15. Ng3 h6 16. Re1 Bd6 17. Ne2 Rd8 18. d4 1/2-1/2

[Event "SVK-ch U14 Girls"]
[Site "Stara Lubovna"]
[Date "2022.05.23"]
[Round "3"]
[White "Vojtekova, Tereza"]
[Black "Rachelova, Laura"]
[Result "1/2-1/2"]
[WhiteElo "1006"]
[BlackElo "1016"]
[PlyCount "30"]
[EventDate "2022.05.21"]
[EventType "swiss"]
[EventRounds "9"]
[EventCountry "SVK"]
[SourceTitle "CBM 208 Extra"]
[Source "ChessBase"]
[SourceDate "2022.07.31"]
[SourceVersion "1"]
[SourceVersionDate "2022.07.31"]
[SourceQuality "1"]

1. d4 d5 2. c4 e6 3. Nf3 Nf6 4. Nc3 a6 5. Bg5 Be7 6. e3 Nc6 7. Be2 0-0 8. 0-0 h6 9. Bh4 Re8 10. cxd5 Nxd5 11. Bxe7 Nxc3 12. bxc3 Nxe7 13. a4 c6 14. c4 Rb8 15. c5 b5 1/2-1/2

[Event "SVK-ch U14 Girls"]
[Site "Stara Lubovna"]
[Date "2022.05.22"]
[Round "2"]
[White "Rachelova, Laura"]
[Black "Rachelova, Nikola"]
[Result "1/2-1/2"]
[WhiteElo "1016"]
[BlackElo "1020"]
[PlyCount "30"]
[EventDate "2022.05.21"]
[EventType "swiss"]
[EventRounds "9"]
[EventCountry "SVK"]
[SourceTitle "CBM 208 Extra"]
[Source "ChessBase"]
[SourceDate "2022.07.31"]
[SourceVersion "1"]
[SourceVersionDate "2022.07.31"]
[SourceQuality "1"]

1. e4 e5 2. Nf3 Nc6 3. Bb5 d6 4. Bxc6+ bxc6 5. 0-0 Nf6 6. Nc3 Bb7 7. d3 Be7 8. Bg5 0-0 9. Bxf6 Bxf6 10. h3 h6 11. d4 exd4 12. Nxd4 Bxd4 13. Qxd4 Re8 14. Qb4 Rb8 15. Rfe1 Qd7 1/2-1/2

[Event "SVK-ch U12 Girls"]
[Site "Lubovna"]
[Date "2020.08.21"]
[Round "8"]
[White "Dudova, Viktoria"]
[Black "Rachelova, Laura"]
[Result "0-1"]
[WhiteElo "1091"]
[BlackElo "1000"]
[PlyCount "98"]
[EventDate "2020.08.15"]
[EventType "tourn"]
[EventRounds "9"]
[EventCountry "SVK"]
[SourceTitle "EXT 2021"]
[Source "ChessBase"]
[SourceDate "2020.10.23"]
[SourceVersion "1"]
[SourceVersionDate "2020.10.23"]
[SourceQuality "1"]

1. Nf3 d5 2. d4 c6 3. Bf4 e6 4. e3 Bd6 5. Bxd6 Qxd6 6. Bd3 Nf6 7. 0-0 0-0 8. Nbd2 Nbd7 9. e4 dxe4 10. Nxe4 Nxe4 11. Bxe4 b6 12. Qd3 Nf6 13. Ng5 Nxe4 14. Qxe4 g6 15. Qh4 h5 16. Rad1 Bb7 17. Ne4 Qd8 18. Qh3 Qe7 19. Rd3 Rad8 20. Rg3 f5 21. Rxg6+ Kf7 22. Rf6+ Ke8 23. Qxh5+ Rf7 24. Rxf7 Qxf7 25. Qxf7+ Kxf7 26. Ng5+ Kf6 27. Nf3 c5 28. dxc5 Bxf3 29. gxf3 Rg8+ 30. Kh1 bxc5 31. Rg1 Rd8 32. Kg2 Rd2 33. Rc1 e5 34. b3 e4 35. fxe4 fxe4 36. Kf1 Kf5 37. Ke1 Rd5 38. Rd1 Re5 39. Rd7 a5 40. Rh7 Kf4 41. Ra7 Rg5 42. Rxa5 Kf3 43. b4 Rg1+ 44. Kd2 cxb4 45. Ra7 Rf1 46. Rf7+ Kg2 47. h4 Rxf2+ 48. Rxf2+ Kxf2 49. h5 e3+ 0-1